000
00391nam a22001697a 4500
003
MPLRDC
005
20220104142902.0
008
210129b ||||| |||| 00| 0 eng d
082
_a
177 YY*
100
_a
杨越主编
245
_a
在人生的斜坡上
_c
250
_a
一版一刷
260
_a
_b
广东人民出版社
_c
1985
300
_b
平
650
_a
942
_c
BK
_o
177 YY*
999
_c
34549
_d
34539